000 00667nam a2200229Ia 4500
003 OSt
005 20220923220952.0
006 a|||||r|||| 00| 0
007 ta
008 220922b |||||||| |||| 00| 0 hin d
024 _a192,982
037 _cTextual
040 _aARTS
_cARTS
_bhin
041 _2hin
_ahin
082 _aV2:1:M5, 152J7;1
100 _aसेन, सुरेन्द्रनाथ
245 0 _aअठारह सौ सत्तावन
246 _aAṭhārah sau sattāvana
260 _c1957
942 _hV2:1:M5, 152J7;1
_cTEXL
_2CC
999 _c345483
_d345483